000 01188nam a22003497a 4500
003 CHAP
005 20220329140946.0
008 971013s1982 r 00010 d
010 _a60448
011 _a61420
035 _a65584
040 _cCHAP
082 _a632.951
_bO7Y
110 _aOrganización Panamericana de la Salud
_983557
245 _aCriterios de salud ambiental 9
_b: DDT y sus derivados
260 _aMéxico, D.F. :
_bLa organización,
_c1982
300 _a211 p.
_b; gráfs.
490 _aPublicación científica
_v; 425
590 _aBATCH-UPD
_b10
_c20130110
_lUCH01
_h0308
590 _aBATCH-UPD
_b10
_c20130110
_lUCH01
_h1452
590 _aBATCH-UPD
_b10
_c20130409
_lUCH01
_h2340
590 _aBATCH-UPD
_b10
_c20130914
_lUCH01
_h1138
590 _aCONVERSION
_b10
_c20130109
_lUCH01
_h1332
650 1 4 _aDDT (Insecticida)
_931376
650 1 4 _aInsecticidas
_xAnálisis.
_958856
650 1 4 _aInsecticidas
_xToxicidad.
_958882
650 1 4 _aMedio ambiente
_xContaminación.
_974069
830 0 _aPublicación científica
_v; 425
_992752
901 _aBK
942 _cLIBRO
949 _a632.951 O7Y
_bBC
_cLIBRO
_d33724000187043
_eLIBRO
_gI.c/e
_h70758
_i65584
_si
_t39.00
999 _c60448
_d60448